| 000 | 00505pab a2200181 454500 | ||
|---|---|---|---|
| 008 | 180718b2006 xxu||||| |||| 00| 0 eng d | ||
| 100 | _aLejano, Raul P. | ||
| 245 | _aCommunity and economic development: seeking common ground in discourse and in practice | ||
| 260 | _c2006 | ||
| 300 | _ap.1469-489. | ||
| 362 | _aAug | ||
| 650 | _aCommunity development | ||
| 650 | _aEconomic and social development | ||
| 700 | _aWessells, Anne Taufen | ||
| 773 | _aUrban Studies | ||
| 908 | _aN | ||
| 909 | _a74986 | ||
| 999 |
_c74986 _d74986 |
||